[Event "GER-ch Blitz 2019"]
[Site "Magdeburg"]
[Date "2019.05.25"]
[Round "23.10"]
[White "Zelbel, Patrick"]
[Black "Wichmann, Cliff"]
[Result "1-0"]
[WhiteElo "2439"]
[BlackElo "2280"]
[Annotator "NA"]
[PlyCount "81"]
[EventDate "2019.05.25"]
[EventType "tourn"]
[EventCountry "GER"]
[Tiebreak "Number of wins+Number of black wins"]
[SourceTitle "playchess.com"]
[Source "ChessBase"]
[SourceQuality "1"]
[TimeControl "180+2"]

1. e4 {[%emt 0:00:00]} e6 {[%emt 0:00:00]} 2. d4 {[%emt 0:00:00]} d5 {[%emt 0:
00:00]} 3. Nd2 {[%emt 0:00:00]} Nf6 {[%emt 0:00:01]} 4. e5 {[%emt 0:00:00]}
Nfd7 {[%emt 0:00:01]} 5. Bd3 {[%emt 0:00:01]} c5 {[%emt 0:00:00]} 6. c3 {
[%emt 0:00:01]} Nc6 {[%emt 0:00:01]} 7. Ne2 {[%emt 0:00:01]} cxd4 {[%emt 0:00:
01]} 8. cxd4 {[%emt 0:00:00]} f6 {[%emt 0:00:01]} 9. exf6 {[%emt 0:00:01]} Nxf6
{[%emt 0:00:01]} 10. Nf3 {[%emt 0:00:01]} Bd6 {[%emt 0:00:01]} 11. O-O {
[%emt 0:00:03]} Qc7 {[%emt 0:00:01]} 12. h3 {[%emt 0:00:02]} O-O {[%emt 0:00:
02]} 13. Be3 {[%emt 0:00:01]} Bd7 {[%emt 0:00:06]} 14. Re1 {[%emt 0:00:11]} Be8
{[%emt 0:00:01]} 15. Ng5 {[%emt 0:00:09]} Qe7 {[%emt 0:00:01]} 16. Nf4 {
[%emt 0:00:25]} Bxf4 {[%emt 0:00:04]} 17. Bxf4 {[%emt 0:00:01]} Ne4 {[%emt 0:
00:01]} 18. Bxe4 {[%emt 0:01:01]} Rxf4 {[%emt 0:00:02]} 19. Bxh7+ {[%emt 0:00:
05]} Kh8 {[%emt 0:00:01]} 20. Nxe6 {[%emt 0:00:09]} Re4 {[%emt 0:00:01]} 21.
Bxe4 {[%emt 0:00:08]} Qxe6 {[%emt 0:00:16]} 22. Bd3 {[%emt 0:00:07]} Qh6 {
[%emt 0:00:05]} 23. Qg4 {[%emt 0:00:07]} Bh5 {[%emt 0:00:09]} 24. Qh4 {[%emt 0:
00:04]} Bf7 {[%emt 0:00:11]} 25. Qxh6+ {[%emt 0:00:06]} gxh6 {[%emt 0:00:01]}
26. Rad1 {[%emt 0:00:01]} Kg7 {[%emt 0:00:07]} 27. Bb5 {[%emt 0:00:04]} Nd8 {
[%emt 0:00:07]} 28. Re7 {[%emt 0:00:08]} Kf6 {[%emt 0:00:04]} 29. Re5 {[%emt 0:
00:13]} a6 {[%emt 0:00:13]} 30. Bd7 {[%emt 0:00:02]} b5 {[%emt 0:00:08]} 31.
Rd3 {[%emt 0:00:01]} Ra7 {[%emt 0:00:03]} 32. Rf3+ {[%emt 0:00:05]} Kg6 {
[%emt 0:00:04]} 33. Be8 {[%emt 0:00:02]} Bxe8 {[%emt 0:00:23]} 34. Rxe8 {
[%emt 0:00:01]} Rd7 {[%emt 0:00:01]} 35. Rff8 {[%emt 0:00:22]} Nb7 {[%emt 0:00:
01]} 36. Rg8+ {[%emt 0:00:07]} Kf7 {[%emt 0:00:07]} 37. Rgf8+ {[%emt 0:00:02]}
Kg6 {[%emt 0:00:02]} 38. Re6+ {[%emt 0:00:02]} Kg7 {[%emt 0:00:02]} 39. Rff6 {
[%emt 0:00:02]} h5 {[%emt 0:00:22]} 40. Rxa6 {[%emt 0:00:01]} Nd8 {[%emt 0:00:
08]} 41. Rfd6 {[%emt 0:00:01]} 1-0

[Event "GER-ch Blitz 2019"]
[Site "Magdeburg"]
[Date "2019.05.25"]
[Round "23.11"]
[White "Koch, Thomas"]
[Black "Schulze, Marc"]
[Result "1-0"]
[WhiteElo "2474"]
[BlackElo "2220"]
[Annotator "ChessBase"]
[PlyCount "111"]
[EventDate "2019.05.25"]
[EventType "tourn"]
[EventCountry "GER"]
[Tiebreak "Number of wins+Number of black wins"]
[SourceTitle "playchess.com"]
[Source "ChessBase"]
[SourceQuality "1"]
[TimeControl "180+2"]

1. d4 {[%emt 0:00:00]} Nf6 {[%emt 0:00:00]} 2. c4 {[%emt 0:00:00]} d6 {[%emt 0:
00:00]} 3. Nc3 {[%emt 0:00:00]} e5 {[%emt 0:00:00]} 4. Nf3 {[%emt 0:00:01]}
Nbd7 {[%emt 0:00:01]} 5. e4 {[%emt 0:00:01]} Be7 {[%emt 0:00:02]} 6. Be2 {
[%emt 0:00:01]} O-O {[%emt 0:00:01]} 7. O-O {[%emt 0:00:01]} c6 {[%emt 0:00:01]
} 8. Re1 {[%emt 0:00:01]} a6 {[%emt 0:00:03]} 9. a3 {[%emt 0:00:03]} Re8 {
[%emt 0:00:02]} 10. Bf1 {[%emt 0:00:06]} Qc7 {[%emt 0:00:02]} 11. Bg5 {[%emt 0:
00:03]} Nf8 {[%emt 0:00:06]} 12. h3 {[%emt 0:00:04]} h6 {[%emt 0:00:03]} 13.
Be3 {[%emt 0:00:01]} b6 {[%emt 0:00:08]} 14. Rc1 {[%emt 0:00:02]} Bb7 {[%emt 0:
00:06]} 15. b4 {[%emt 0:00:01]} Ng6 {[%emt 0:00:07]} 16. d5 {[%emt 0:00:11]} c5
{[%emt 0:00:03]} 17. g3 {[%emt 0:00:04]} Bc8 {[%emt 0:00:11]} 18. Kh2 {[%emt 0:
00:03]} Bd7 {[%emt 0:00:03]} 19. Rb1 {[%emt 0:00:08]} Nh7 {[%emt 0:00:06]} 20.
Bd3 {[%emt 0:00:05]} Ng5 {[%emt 0:00:07]} 21. Ng1 {[%emt 0:00:05]} Bf8 {
[%emt 0:00:15]} 22. Qd2 {[%emt 0:00:08]} Nh7 {[%emt 0:00:01]} 23. f4 {[%emt 0:
00:06]} exf4 24. gxf4 {[%emt 0:00:01]} Ne7 {[%emt 0:00:25]} 25. Nf3 {[%emt 0:
00:03]} g6 {[%emt 0:00:25]} 26. Rg1 {[%emt 0:00:03]} Bg7 {[%emt 0:00:02]} 27.
f5 {[%emt 0:00:28]} g5 {[%emt 0:00:20]} 28. Nxg5 {[%emt 0:00:15]} hxg5 {
[%emt 0:00:01]} 29. Bxg5 {[%emt 0:00:01]} Nxg5 {[%emt 0:00:01]} 30. Qxg5 {
[%emt 0:00:09]} Ng6 {[%emt 0:00:01]} 31. fxg6 {[%emt 0:00:04]} f6 {[%emt 0:00:
17]} 32. Qh5 {[%emt 0:00:02]} Re5 {[%emt 0:00:02]} 33. Qh7+ {[%emt 0:00:03]}
Kf8 {[%emt 0:00:00]} 34. Rbf1 {[%emt 0:00:02]} Qd8 {[%emt 0:00:01]} 35. Rf4 {
[%emt 0:00:06]} Qe7 {[%emt 0:00:12]} 36. Rgf1 Ke8 37. bxc5 {[%emt 0:00:28]}
bxc5 {[%emt 0:00:04]} 38. Rb1 {[%emt 0:00:11]} Kd8 {[%emt 0:00:01]} 39. Qh4 {
[%emt 0:00:04]} f5 {[%emt 0:00:05]} 40. Qxe7+ {[%emt 0:00:03]} Rxe7 {[%emt 0:
00:01]} 41. exf5 {[%emt 0:00:09]} Bxc3 {[%emt 0:00:01]} 42. f6 {[%emt 0:00:04]}
Re3 {[%emt 0:00:14]} 43. f7 {[%emt 0:00:07]} Ke7 {[%emt 0:00:00]} 44. Re4+ {
[%emt 0:00:08]} Rxe4 {[%emt 0:00:06]} 45. Bxe4 {[%emt 0:00:01]} Kf6 {[%emt 0:
00:08]} 46. Rb7 {[%emt 0:00:03]} Bf5 {[%emt 0:00:12]} 47. Bxf5 {[%emt 0:00:03]}
Kxf5 {[%emt 0:00:01]} 48. Re7 {[%emt 0:00:09]} Rf8 {[%emt 0:00:01]} 49. Re6 {
[%emt 0:00:03]} Bg7 {[%emt 0:00:11]} 50. h4 {[%emt 0:00:01]} Kg4 {[%emt 0:00:
01]} 51. Kg2 {[%emt 0:00:04]} Kxh4 {[%emt 0:00:01]} 52. Rxd6 {[%emt 0:00:01]}
Kg5 {[%emt 0:00:01]} 53. Re6 {[%emt 0:00:01]} Kf5 {[%emt 0:00:02]} 54. Kf3 {
[%emt 0:00:02]} Bd4 {[%emt 0:00:02]} 55. Re8 {[%emt 0:00:03]} Bg7 {[%emt 0:00:
01]} 56. d6 {[%emt 0:00:01]} 1-0

[Event "GER-ch Blitz 2019"]
[Site "Magdeburg"]
[Date "2019.05.25"]
[Round "23.12"]
[White "Svane, Frederik"]
[Black "Baskin, Robert"]
[Result "0-1"]
[WhiteElo "2342"]
[BlackElo "2398"]
[Annotator "NA"]
[PlyCount "100"]
[EventDate "2019.05.25"]
[EventType "tourn"]
[EventCountry "GER"]
[Tiebreak "Number of wins+Number of black wins"]
[SourceTitle "playchess.com"]
[Source "ChessBase"]
[SourceQuality "1"]
[TimeControl "180+2"]

1. e4 {[%emt 0:00:00]} c5 {[%emt 0:00:00]} 2. Nf3 {[%emt 0:00:03]} d6 {[%emt 0:
00:00]} 3. Bb5+ {[%emt 0:00:01]} Nc6 {[%emt 0:00:02]} 4. O-O {[%emt 0:00:06]}
Bd7 {[%emt 0:00:01]} 5. c3 {[%emt 0:00:06]} Nf6 {[%emt 0:00:02]} 6. Re1 {
[%emt 0:00:02]} a6 {[%emt 0:00:01]} 7. Bf1 {[%emt 0:00:03]} Bg4 {[%emt 0:00:00]
} 8. h3 {[%emt 0:00:03]} Bxf3 {[%emt 0:00:01]} 9. Qxf3 {[%emt 0:00:02]} e6 {
[%emt 0:00:04]} 10. Qg3 {[%emt 0:00:11]} Be7 {[%emt 0:00:15]} 11. Qxg7 {
[%emt 0:00:27]} Rg8 {[%emt 0:00:01]} 12. Qh6 {[%emt 0:00:01]} Ne5 {[%emt 0:00:
01]} 13. Qe3 {[%emt 0:00:10]} Nh5 {[%emt 0:00:02]} 14. d4 {[%emt 0:00:18]} Bg5
{[%emt 0:00:14]} 15. Qe2 {[%emt 0:00:01]} Bxc1 {[%emt 0:00:01]} 16. Qxh5 {
[%emt 0:00:41]} Rg5 {[%emt 0:00:25]} 17. Qe2 {[%emt 0:00:43]} Bxb2 {[%emt 0:00:
01]} 18. Qxb2 {[%emt 0:00:14]} Nf3+ {[%emt 0:00:01]} 19. Kh1 {[%emt 0:00:01]}
Nxe1 {[%emt 0:00:02]} 20. Na3 {[%emt 0:00:07]} cxd4 {[%emt 0:00:17]} 21. cxd4 {
[%emt 0:00:12]} Qa5 {[%emt 0:00:01]} 22. Nc4 {[%emt 0:00:04]} Qc7 {[%emt 0:00:
32]} 23. Rxe1 {[%emt 0:00:01]} b5 {[%emt 0:00:05]} 24. Nd2 {[%emt 0:00:04]} Rc8
{[%emt 0:00:01]} 25. Nb3 {[%emt 0:00:03]} Qc2 {[%emt 0:00:25]} 26. Re2 {
[%emt 0:00:01]} Qd1 {[%emt 0:00:13]} 27. Kg1 {[%emt 0:00:02]} b4 {[%emt 0:00:
05]} 28. Qd2 Qxd2 29. Rxd2 {[%emt 0:00:04]} Rc6 {[%emt 0:00:21]} 30. Na5 {
[%emt 0:00:01]} Rb6 {[%emt 0:00:01]} 31. Nc4 {[%emt 0:00:02]} Rc6 {[%emt 0:00:
01]} 32. d5 {[%emt 0:00:00]} exd5 {[%emt 0:00:02]} 33. exd5 {[%emt 0:00:01]}
Rc5 {[%emt 0:00:03]} 34. Nxd6+ {[%emt 0:00:01]} Ke7 {[%emt 0:00:09]} 35. Ne4 {
[%emt 0:00:01]} Rcxd5 {[%emt 0:00:02]} 36. Rxd5 {[%emt 0:00:01]} Rxd5 {[%emt 0:
00:01]} 37. Bxa6 {[%emt 0:00:01]} Rd4 38. Nc5 {[%emt 0:00:11]} Rd1+ {[%emt 0:
00:07]} 39. Bf1 {[%emt 0:00:02]} Ra1 {[%emt 0:00:01]} 40. Nd3 {[%emt 0:00:04]}
Rb1 {[%emt 0:00:02]} 41. f3 {[%emt 0:00:02]} Kd6 {[%emt 0:00:01]} 42. Kf2 {
[%emt 0:00:01]} Kd5 {[%emt 0:00:01]} 43. Be2 {[%emt 0:00:01]} Kd4 {[%emt 0:00:
00]} 44. Nxb4 {[%emt 0:00:03]} Rxb4 {[%emt 0:00:02]} 45. Kg3 {[%emt 0:00:03]}
Ra4 {[%emt 0:00:01]} 46. Bd1 {[%emt 0:00:01]} Ra7 {[%emt 0:00:01]} 47. Kf4 {
[%emt 0:00:00]} f6 {[%emt 0:00:02]} 48. g4 {[%emt 0:00:01]} Ra5 {[%emt 0:00:01]
} 49. h4 {[%emt 0:00:00]} h6 {[%emt 0:00:09]} 50. h5 {[%emt 0:00:00]} Kd5 {
[%emt 0:00:04]} 0-1

[Event "GER-ch Blitz 2019"]
[Site "Magdeburg"]
[Date "2019.05.25"]
[Round "23.13"]
[White "Buhmann, Rainer"]
[Black "Heidrich, Manfred"]
[Result "1-0"]
[WhiteElo "2573"]
[BlackElo "2351"]
[Annotator "ChessBase"]
[PlyCount "47"]
[EventDate "2019.05.25"]
[EventType "tourn"]
[EventCountry "GER"]
[Tiebreak "Number of wins+Number of black wins"]
[SourceTitle "playchess.com"]
[Source "ChessBase"]
[SourceQuality "1"]
[TimeControl "180+2"]

1. e4 {[%emt 0:00:00]} c5 {[%emt 0:00:00]} 2. Nf3 {[%emt 0:00:01]} Nf6 {
[%emt 0:00:02]} 3. e5 {[%emt 0:00:06]} Nd5 {[%emt 0:00:01]} 4. Nc3 {[%emt 0:00:
01]} e6 {[%emt 0:00:01]} 5. Nxd5 {[%emt 0:00:12]} exd5 {[%emt 0:00:00]} 6. d4 {
[%emt 0:00:02]} Nc6 {[%emt 0:00:02]} 7. dxc5 {[%emt 0:00:07]} Bxc5 {[%emt 0:00:
01]} 8. Bd3 {[%emt 0:00:08]} O-O {[%emt 0:00:08]} 9. O-O {[%emt 0:01:19]} d6 {
[%emt 0:00:11]} 10. exd6 {[%emt 0:00:06]} Qxd6 {[%emt 0:00:01]} 11. h3 {
[%emt 0:00:02]} Bd7 {[%emt 0:00:16]} 12. c3 {[%emt 0:00:08]} Rae8 {[%emt 0:00:
44]} 13. b4 {[%emt 0:00:01]} Bb6 {[%emt 0:00:02]} 14. a4 {[%emt 0:00:01]} a6 {
[%emt 0:00:07]} 15. Ba3 {[%emt 0:00:02]} Bxh3 {[%emt 0:00:18]} 16. gxh3 {
[%emt 0:00:16]} Qg3+ {[%emt 0:00:01]} 17. Kh1 {[%emt 0:00:01]} Bxf2 {[%emt 0:
00:01]} 18. Ra2 {[%emt 0:00:14]} Re1 {[%emt 0:00:31]} 19. Rxe1 {[%emt 0:00:12]}
Bxe1 {[%emt 0:00:02]} 20. Nxe1 {[%emt 0:00:07]} Ne5 {[%emt 0:00:15]} 21. Bf1 {
[%emt 0:00:05]} Re8 {[%emt 0:00:08]} 22. Re2 {[%emt 0:00:10]} Re6 {[%emt 0:00:
09]} 23. Bg2 {[%emt 0:00:04]} Qxc3 {[%emt 0:00:10]} 24. Bb2 {[%emt 0:00:02]}
1-0

[Event "GER-ch Blitz 2019"]
[Site "Magdeburg"]
[Date "2019.05.25"]
[Round "23.14"]
[White "Kirchner, Thomas"]
[Black "Braeuer, Franz"]
[Result "0-1"]
[WhiteElo "2311"]
[BlackElo "2445"]
[Annotator "NA"]
[PlyCount "126"]
[EventDate "2019.05.25"]
[EventType "tourn"]
[EventCountry "GER"]
[Tiebreak "Number of wins+Number of black wins"]
[SourceTitle "playchess.com"]
[Source "ChessBase"]
[SourceQuality "1"]
[TimeControl "180+2"]

1. e4 {[%emt 0:00:00]} c5 {[%emt 0:00:00]} 2. Nf3 {[%emt 0:00:00]} d6 {[%emt 0:
00:00]} 3. Bc4 {[%emt 0:00:01]} Nf6 {[%emt 0:00:00]} 4. d3 {[%emt 0:00:00]} a6
{[%emt 0:00:00]} 5. Bb3 {[%emt 0:00:02]} e6 {[%emt 0:00:05]} 6. O-O {[%emt 0:
00:02]} Be7 {[%emt 0:00:01]} 7. c3 {[%emt 0:00:01]} Nbd7 {[%emt 0:00:07]} 8.
Re1 {[%emt 0:00:02]} b5 {[%emt 0:00:08]} 9. Bf4 {[%emt 0:00:05]} Bb7 {[%emt 0:
00:05]} 10. Nbd2 {[%emt 0:00:02]} O-O {[%emt 0:00:04]} 11. h3 {[%emt 0:00:01]}
Qb6 {[%emt 0:00:13]} 12. Bc2 {[%emt 0:00:15]} Rac8 {[%emt 0:00:11]} 13. Qe2 {
[%emt 0:00:03]} Rfe8 {[%emt 0:00:04]} 14. Rad1 {[%emt 0:00:05]} Bf8 {[%emt 0:
00:10]} 15. Bh2 {[%emt 0:00:04]} g6 {[%emt 0:00:23]} 16. Bb1 {[%emt 0:00:13]}
e5 {[%emt 0:00:01]} 17. a3 {[%emt 0:00:06]} Bg7 {[%emt 0:00:08]} 18. Ba2 {
[%emt 0:00:03]} h6 {[%emt 0:00:01]} 19. Nh4 {[%emt 0:00:11]} d5 {[%emt 0:00:12]
} 20. exd5 {[%emt 0:00:30]} Bxd5 {[%emt 0:00:01]} 21. Bxd5 {[%emt 0:00:12]}
Nxd5 {[%emt 0:00:01]} 22. Qf3 {[%emt 0:00:07]} Qc6 {[%emt 0:00:21]} 23. c4 {
[%emt 0:00:36]} N5b6 {[%emt 0:00:04]} 24. Qxc6 {[%emt 0:00:17]} Rxc6 {[%emt 0:
00:01]} 25. Nhf3 {[%emt 0:00:01]} f6 {[%emt 0:00:24]} 26. b3 {[%emt 0:00:03]}
Nf8 {[%emt 0:00:01]} 27. Rc1 {[%emt 0:00:11]} Ne6 {[%emt 0:00:01]} 28. Ne4 {
[%emt 0:00:03]} Rd8 {[%emt 0:00:02]} 29. Red1 {[%emt 0:00:03]} Kf7 {[%emt 0:00:
09]} 30. cxb5 {[%emt 0:00:09]} axb5 {[%emt 0:00:01]} 31. b4 {[%emt 0:00:01]} c4
{[%emt 0:00:13]} 32. dxc4 {[%emt 0:00:03]} Nxc4 {[%emt 0:00:12]} 33. Rxd8 Nxd8
{[%emt 0:00:01]} 34. Bg3 {[%emt 0:00:17]} Nxa3 {[%emt 0:00:20]} 35. Rxc6 {
[%emt 0:00:01]} Nxc6 {[%emt 0:00:00]} 36. Nfd2 {[%emt 0:00:11]} Bf8 {[%emt 0:
00:01]} 37. Nb3 {[%emt 0:00:02]} Bxb4 {[%emt 0:00:05]} 38. f3 {[%emt 0:00:01]}
f5 {[%emt 0:00:02]} 39. Ned2 {[%emt 0:00:02]} Bd6 {[%emt 0:00:04]} 40. Bf2 {
[%emt 0:00:01]} Ke6 {[%emt 0:00:06]} 41. Kf1 {[%emt 0:00:01]} Nc4 {[%emt 0:00:
03]} 42. Nb1 {[%emt 0:00:05]} Kd7 {[%emt 0:00:04]} 43. Nc3 {[%emt 0:00:01]} b4
{[%emt 0:00:02]} 44. Nd5 {[%emt 0:00:03]} Ke6 {[%emt 0:00:01]} 45. Nb6 {
[%emt 0:00:02]} Nxb6 {[%emt 0:00:02]} 46. Bxb6 {[%emt 0:00:01]} Kd5 {[%emt 0:
00:01]} 47. Ke2 {[%emt 0:00:01]} Kc4 {[%emt 0:00:07]} 48. Nd2+ {[%emt 0:00:01]}
Kb5 {[%emt 0:00:01]} 49. Bf2 {[%emt 0:00:02]} Na5 {[%emt 0:00:00]} 50. Kd3 {
[%emt 0:00:02]} Bc5 {[%emt 0:00:01]} 51. Bg3 {[%emt 0:00:01]} Bd4 {[%emt 0:00:
02]} 52. Kc2 {[%emt 0:00:03]} Ka4 {[%emt 0:00:03]} 53. Be1 {[%emt 0:00:05]} b3+
{[%emt 0:00:01]} 54. Kb1 {[%emt 0:00:02]} Bc3 {[%emt 0:00:05]} 55. Kc1 {
[%emt 0:00:00]} Bxd2+ {[%emt 0:00:01]} 56. Bxd2 {[%emt 0:00:01]} Nc4 {[%emt 0:
00:01]} 57. Bc3 {[%emt 0:00:02]} Kb5 {[%emt 0:00:02]} 58. Kd1 {[%emt 0:00:03]}
Kc5 {[%emt 0:00:01]} 59. g3 {[%emt 0:00:01]} Kd5 {[%emt 0:00:01]} 60. Kc1 {
[%emt 0:00:03]} e4 {[%emt 0:00:01]} 61. f4 {[%emt 0:00:01]} e3 {[%emt 0:00:02]}
62. Kd1 {[%emt 0:00:01]} Ke4 {[%emt 0:00:01]} 63. Ke2 {[%emt 0:00:01]} b2 {
[%emt 0:00:01]} 0-1

[Event "GER-ch Blitz 2019"]
[Site "Magdeburg"]
[Date "2019.05.25"]
[Round "23.15"]
[White "Ehmann, Thilo"]
[Black "Kopylov, Michael"]
[Result "0-1"]
[WhiteElo "2291"]
[BlackElo "2413"]
[Annotator "NA"]
[PlyCount "142"]
[EventDate "2019.05.25"]
[EventType "tourn"]
[EventCountry "GER"]
[Tiebreak "Number of wins+Number of black wins"]
[SourceTitle "playchess.com"]
[Source "ChessBase"]
[SourceQuality "1"]
[TimeControl "180+2"]

1. e4 {[%emt 0:00:00]} d5 {[%emt 0:00:00]} 2. exd5 {[%emt 0:00:00]} Qxd5 {
[%emt 0:00:00]} 3. Nc3 {[%emt 0:00:00]} Qd6 {[%emt 0:00:01]} 4. d4 {[%emt 0:00:
02]} Nf6 {[%emt 0:00:01]} 5. Bc4 {[%emt 0:00:04]} a6 {[%emt 0:00:00]} 6. Nf3 {
[%emt 0:00:07]} b5 {[%emt 0:00:01]} 7. Bb3 {[%emt 0:00:01]} Bb7 {[%emt 0:00:01]
} 8. O-O {[%emt 0:00:07]} e6 {[%emt 0:00:01]} 9. Re1 {[%emt 0:00:33]} Be7 {
[%emt 0:00:02]} 10. Bg5 {[%emt 0:00:14]} Nbd7 {[%emt 0:00:04]} 11. Bh4 {
[%emt 0:00:04]} O-O {[%emt 0:00:01]} 12. Bg3 {[%emt 0:00:01]} Qb6 {[%emt 0:00:
01]} 13. d5 {[%emt 0:00:13]} Nc5 {[%emt 0:00:49]} 14. dxe6 {[%emt 0:00:08]}
Nxe6 {[%emt 0:00:06]} 15. Bxe6 {[%emt 0:00:31]} fxe6 {[%emt 0:00:01]} 16. Qe2 {
[%emt 0:00:01]} Bb4 {[%emt 0:00:44]} 17. Qxe6+ {[%emt 0:00:28]} Qxe6 {[%emt 0:
00:01]} 18. Rxe6 {[%emt 0:00:01]} Bxc3 {[%emt 0:00:07]} 19. bxc3 {[%emt 0:00:
01]} Nd5 {[%emt 0:00:01]} 20. h4 {[%emt 0:00:28]} Nxc3 {[%emt 0:00:06]} 21. Nd4
{[%emt 0:00:15]} Rad8 {[%emt 0:00:07]} 22. Nb3 {[%emt 0:00:08]} Rf7 {[%emt 0:
00:21]} 23. Nc5 {[%emt 0:00:10]} Bc8 {[%emt 0:00:08]} 24. Re3 {[%emt 0:00:00]}
Nd5 {[%emt 0:00:02]} 25. Rd3 {[%emt 0:00:01]} c6 {[%emt 0:00:03]} 26. a4 {
[%emt 0:00:00]} Re8 {[%emt 0:00:04]} 27. Rd2 {[%emt 0:00:01]} b4 {[%emt 0:00:
17]} 28. a5 {[%emt 0:00:02]} Nc3 {[%emt 0:00:05]} 29. Kf1 {[%emt 0:00:04]} Rf5
{[%emt 0:00:04]} 30. Re1 {[%emt 0:00:01]} Rxe1+ 31. Kxe1 Rxc5 32. Rd8+ Kf7 {
[%emt 0:00:13]} 33. Rxc8 {[%emt 0:00:02]} Rd5 {[%emt 0:00:07]} 34. Rc7+ {
[%emt 0:00:02]} Kg8 {[%emt 0:00:06]} 35. f3 {[%emt 0:00:01]} Rd1+ {[%emt 0:00:
09]} 36. Kf2 {[%emt 0:00:01]} Rd2+ {[%emt 0:00:01]} 37. Kg1 {[%emt 0:00:00]}
Ne2+ {[%emt 0:00:05]} 38. Kh2 {[%emt 0:00:01]} Nxg3 {[%emt 0:00:03]} 39. Rxc6 {
[%emt 0:00:02]} Nf5 {[%emt 0:00:05]} 40. Rxa6 {[%emt 0:00:02]} Nxh4 {[%emt 0:
00:01]} 41. Rb6 {[%emt 0:00:03]} Rxc2 {[%emt 0:00:03]} 42. a6 {[%emt 0:00:03]}
Ra2 {[%emt 0:00:04]} 43. Rxb4 Nxf3+ {[%emt 0:00:01]} 44. Kg3 {[%emt 0:00:03]}
Ne5 {[%emt 0:00:01]} 45. Rb6 {[%emt 0:00:02]} h6 {[%emt 0:00:02]} 46. Kf4 {
[%emt 0:00:01]} Nd7 {[%emt 0:00:02]} 47. Rd6 {[%emt 0:00:01]} Nc5 {[%emt 0:00:
01]} 48. Kf5 {[%emt 0:00:03]} Rxa6 {[%emt 0:00:02]} 49. Rd8+ {[%emt 0:00:01]}
Kh7 {[%emt 0:00:01]} 50. g4 {[%emt 0:00:01]} Rf6+ {[%emt 0:00:01]} 51. Ke5 {
[%emt 0:00:01]} Rf2 {[%emt 0:00:01]} 52. Rc8 {[%emt 0:00:02]} Nd7+ {[%emt 0:00:
02]} 53. Ke6 Nf6 54. Rc4 {[%emt 0:00:06]} Kg6 {[%emt 0:00:05]} 55. Ke5 {
[%emt 0:00:02]} Rf1 {[%emt 0:00:03]} 56. Rb4 {[%emt 0:00:02]} Kg5 57. Rb7 Re1+
{[%emt 0:00:04]} 58. Kd4 {[%emt 0:00:01]} Kg6 {[%emt 0:00:01]} 59. Kd3 {
[%emt 0:00:04]} Nxg4 60. Kd2 {[%emt 0:00:00]} Re8 {[%emt 0:00:01]} 61. Rb6+ Nf6
{[%emt 0:00:01]} 62. Rb4 {[%emt 0:00:02]} h5 {[%emt 0:00:01]} 63. Rb5 {[%emt 0:
00:01]} Kh6 {[%emt 0:00:01]} 64. Rf5 {[%emt 0:00:02]} Re6 {[%emt 0:00:03]} 65.
Kd3 {[%emt 0:00:02]} g5 {[%emt 0:00:01]} 66. Rf1 {[%emt 0:00:02]} h4 {[%emt 0:
00:01]} 67. Rh1 {[%emt 0:00:03]} Kh5 {[%emt 0:00:00]} 68. Kd4 {[%emt 0:00:01]}
g4 {[%emt 0:00:02]} 69. Rf1 {[%emt 0:00:03]} h3 {[%emt 0:00:01]} 70. Rf5+ {
[%emt 0:00:00]} Kg6 {[%emt 0:00:01]} 71. Rg5+ {[%emt 0:00:02]} Kxg5 0-1

[Event "GER-ch Blitz 2019"]
[Site "Magdeburg"]
[Date "2019.05.25"]
[Round "24.1"]
[White "Schulz, Karsten"]
[Black "Gustafsson, Jan"]
[Result "1/2-1/2"]
[WhiteElo "2227"]
[BlackElo "2639"]
[Annotator "TA"]
[PlyCount "49"]
[EventDate "2019.05.25"]
[EventType "tourn"]
[EventCountry "GER"]
[Tiebreak "Number of wins+Number of black wins"]
[SourceTitle "playchess.com"]
[Source "ChessBase"]
[SourceQuality "1"]

{[%evp 9,49,-34,24,17,39,37,41,37,34,28,28,21,24,19,39,0,0,13,5,0,8,-22,-12,
-10,0,0,0,-108,-102,-106,22,2,132,131,111,113,115,63,140,139,141,130]} 1. Nf3
d5 2. c4 d4 3. d3 Nc6 4. g3 e5 5. Bg2 h6 (5... Bc5 $15) (5... Bb4+ 6. Bd2 a5 7.
O-O Nf6 8. a3 Be7 9. Bg5 O-O 10. Nbd2 a4 11. Ne1 h6 12. Bxf6 Bxf6 13. Nc2 Be7
14. b4 axb3 15. Nxb3 Na5 16. Nd2 Be6 17. Rb1 {0-1 (94) Maghsoodloo,P (2666)
-Bosiocic,M (2618) Bandar e Anzali 2019}) 6. O-O $11 {A09: Réti Opening: 1 Nf3
d5 2 c4} a5 7. e3 Nf6 8. exd4 {White is slightly better.} exd4 9. Na3 Bxa3 $146
({Predecessor:} 9... Be6 10. Nb5 Bc5 11. Bf4 Rc8 12. Re1 O-O 13. Ne5 {1/2-1/2 
(73) Azaladze,S (2443)-Nigalidze,G (2478) Poti 2010}) 10. bxa3 O-O 11. Re1 Bf5
12. Ne5 Nxe5 13. Rxe5 Bg4 14. Bf3 Qd7 15. Bb2 Rfe8 16. Bxg4 $1 Nxg4 17. Rd5 $36
{[%mdl 2112] [#] Double Attack. Black is under pressure.} Qe6 18. Qf3 (18. Rxd4
$11 {remains equal.} Qe2 19. Rxg4 Qxb2 20. Rb1 Qxa2 21. Rxb7) 18... Ne5 $17 19.
Qe4 f5 (19... c6 $17 20. Rxd4 Qf6) 20. Qe2 $11 f4 (20... c6 $11 21. Rxd4 Qg6)
21. Bxd4 $16 Nc6 22. Qxe6+ Rxe6 23. gxf4 (23. Bc3 $16) 23... Re2 (23... Nxd4
$14 24. Rxd4 Rf8) 24. Be3 Ne7 25. Re5 {Accuracy: White = 57%, Black = 28%.}
1/2-1/2